000 00182nam a2200085 4500
001 1255658
005 20251211094627.0
245 _aASİ ATEŞ
_cANN SEI LIN
260 _bTİMAŞ YAYINLARI
999 _c1255658
_d1255658